000 00335nam a22001217a 4500
082 _a641.5
_bPAY
_cL-NUST, P-42
100 _aPayne patricia
_946859
245 _aVitamin rich cooking
260 _alondon
_bTiger books international london
_c1993
300 _ap-64
_bill
526 _a0
_b0
_c0
_d641_500000000000000_PAY
942 _2ddc
_cBK
999 _c550110
_d550110